عرض عادي عرض مارك
  • Swain, James,

مدخل إسم شخص

عدد التسجيلات المستخدمة في: 1

001 - رقم الضبط

  • حقل الضبط: 64597

003 - معرف رقم الضبط

  • حقل الضبط: OSt

005 - تاريخ ووقت أخر عملية

  • حقل الضبط: 20180829185917.0

008 - عناصر بيانات ثابتة الطول

  • حقل تحكم ثابت الطول: 180829|| aca||aabn | a|a d

040 ## - مصدر الفهرسة

  • هيئة الفهرسة الأصلية: OSt
  • وكالة الكتابة: OSt

100 ## - مدخل -- أسم شخص

  • إسم شخص: Swain, James,
  • العنوان و الكلمات الأخري المرتبطة بالأسم: MPT

670 ## - بيانات المصدر موجوده

  • الاستشهاد بالمصدر: Work cat.: (OSt)0: Swain, James, MPT, Diagnostic imaging for physical therapists /, c2009